| 000 | 01365nam a2200361 i 4500 | ||
|---|---|---|---|
| 001 | 54729 | ||
| 003 | KOSZ 005 | ||
| 005 | 20191024122905.0 | ||
| 008 | 080808s2007 pl f |000 0 pol | ||
| 020 | _a9788372045805 | ||
| 040 |
_cKOSZ 005 _aKOSZ 005 _dKOSZ 005/HR |
||
| 041 | 0 | _apol | |
| 046 | _k2007 | ||
| 080 | _a620.3 | ||
| 245 | 1 | 0 |
_aNanonauki i nanotechnologie : _bstan i perspektywy rozwoju / _cpod red. Adama Mazurkiewicza ; współpr. Jerzy Dobrodziej, Beata Poteralska ; [aut. rozdz. Remigiusz Michalczewski et al.]. |
| 260 |
_aRadom : _bWydawnictwo Instytutu Technologii Eksploatacji, _c2007. |
||
| 300 |
_a605 s. : _bil. (w tym kolor.) ; _c25 cm + _edysk optyczny CD-ROM. |
||
| 336 |
_2rdacontent _aTekst _btxt |
||
| 337 |
_2rdamedia _aBez urządzenia pośredniczącego _bn |
||
| 338 |
_2rdacarrier _aWolumin _bnc |
||
| 380 | _aKsiążki | ||
| 380 | _aPublikacje naukowe | ||
| 388 | _a2001- | ||
| 504 | _aBibliogr. Indeks. | ||
| 650 | 7 | _aNanotechnologia | |
| 658 | _aInżynieria i technika | ||
| 700 | 1 |
_aMazurkiewicz, Adam _d(1952- ) _eRedakcja |
|
| 700 | 1 |
_aDobrodziej, Jerzy _eRedakcja |
|
| 700 | 1 |
_aPoteralska, Beata _eRedakcja |
|
| 700 | 1 |
_aMichalczewski, Remigiusz _eAutor |
|
| 856 |
_uhttp://koha.tu.koszalin.pl/cgi-bin/koha/opac-detail.pl?biblionumber=54729 _yKatalog online BPK |
||
| 942 |
_cKS _2UKD |
||
| 999 |
_c54729 _d54729 |
||